000 00566nam a2200193 a 4500
005 20231017063714.0
008 991125s1982 es 000 0 spa u
020 _a8432992119
035 _aUPN01000032746
049 _aCG
050 4 _aHM148
_bM3.58
100 1 _aManheim, Henry L.
245 1 0 _aInvestigación sociológica :
_bfilosofía y métodos /
_cHenry L. Manheim.
260 _aBarcelona, Esp. :
_bCEAC,
_c1982.
300 _a336 p.
440 0 _aEducación y enseñanza.
_pUniversitaria
650 4 _aSociología
_xInvestigación
_97968
905 _aLibro
999 _c32746
_d32746